Priemyselná a regionálna politika a jej finančný kontext v Slovenskej republike

Rizikové faktory vývoja finančnej situácie ekonomiky SR. Finančné obmedzenia priemyselnej politiky. Diferenciácia a problémy podnikovej sféry. Východiskové princípy priemyselnej politiky. Infraštruktúrne projekty a regionálna politika. Situácia v slovenskej vede a technike a inovačná politika.

Enregistré dans:
Détails bibliographiques
Auteur principal: Staněk, Peter
Format: Chapitre de livre
Langue:slovaque
Sujets:
Tags: Ajouter un tag
Pas de tags, Soyez le premier à ajouter un tag!

MARC

LEADER 00000naa a2200000 4500
001 r018908
005 20221205101616.8
041 0 |a slo 
044 |a SK 
245 1 0 |a Priemyselná a regionálna politika a jej finančný kontext v Slovenskej republike  |c Peter Stanek 
520 |a Rizikové faktory vývoja finančnej situácie ekonomiky SR. Finančné obmedzenia priemyselnej politiky. Diferenciácia a problémy podnikovej sféry. Východiskové princípy priemyselnej politiky. Infraštruktúrne projekty a regionálna politika. Situácia v slovenskej vede a technike a inovačná politika. 
610 2 0 |a politika priemyselná 
610 2 0 |a politika regionálna 
610 2 0 |a financovanie 
610 2 0 |a Slovensko 
610 2 0 |a rozpočet štátny 
610 2 0 |a dlhy štátne 
610 2 0 |a úver 
610 2 0 |a podnik 
610 2 0 |a infraštruktúra 
610 2 0 |a veda 
610 2 0 |a technika 
610 2 0 |a inovácia 
100 1 |a Staněk, Peter